La exclusión de las mujeres en la vida política . Boletín: El Salvador 2009...en la mira, n° 3, 2 de julio 2008
En este se hace referencia a la participación femenina en la vida política salvadoreña y de la composición del directorio de los partidos políticos nacionales.
Enregistré dans:
| Format: | Texte |
|---|---|
| Sujets: | |
| Tags: |
Ajouter un tag
Pas de tags, Soyez le premier à ajouter un tag!
|
MARC
| LEADER | 00000 a a2200000 04500 | ||
|---|---|---|---|
| 001 | 5276 | ||
| 003 | |||
| 040 | |||
| 245 | |a La exclusión de las mujeres en la vida política . Boletín: |b El Salvador 2009...en la mira, n° 3, 2 de julio 2008 | ||
| 520 | |a En este se hace referencia a la participación femenina en la vida política salvadoreña y de la composición del directorio de los partidos políticos nacionales. | ||
| 590 | |a SJB/JUNIO2012 | ||
| 650 | |a 1.MUJERES | ||
| 650 | |a 2.PARTICIPACION POLITICA | ||
| 650 | |a 3.PARTIDOS POLITICOS | ||
| 650 | |a 4.EXCLUSION SOCIAL | ||
| 650 | |a 5.EL SAL VADOR | ||
| 773 | |g volumen 63, número 717; páginas 459 | ||
| 999 | |c 33615 |d 33615 | ||
| 773 | 0 | |0 18723 |9 2713 |a Universidad Centroamericana José Simeón Cañas (UCA) |d San Salvador, El Salvador Universidad Centroamericana José Simeón |o 07089 |t ECA: | |
